| 000 | 01343nam a22001697a 4500 | ||
|---|---|---|---|
| 003 | NUST | ||
| 005 | 20221007113730.0 | ||
| 020 | _a978-983-47-1046-0 | ||
| 082 | _a657, MAD | ||
| 100 |
_a Ibrahim, Wan Madznah Wan,Kasim, Khairul Naziya,Bijoy,Kumar _999465 |
||
| 245 |
_aFundamentals of Business Accounting Second Edition: _cWan Madznah Wan Ibrahim |
||
| 250 | _a2nd Edition | ||
| 260 |
_aNew York _bOxford Uni Press _c2013 |
||
| 300 | _axvi, 477: pages | ||
| 505 | _aIntroduction to Accounting (Page-1), Recording the Accounting Information (Page-13), Business Performance Measurement (Page-39), Requirements of Information Disclosure (Page-69), Accounting for Current Assets (Page-91), Accounting for Fixed Assets (Page-111), Accounting for Partnerships (Page-133), Accounting for Companies-Formation, Shares Issuance and Dividends (Page-145), Analysis of Financial Statement (Page-161), Introduction to Management and Cost Accounting (Page-207), Accounting for Manufacturing Companies (Page-247), Product Costing (Page-265), Capital Budgeting (Page-305), Operational Budgets (Page-325), Flexible Budgets and Standard Costing (Page-357), Costing Techniques, Cost-Volume-profit and Pricing (Page-382), Accounting for Control and Performance Measurement (Page-431), Strategies Management Accounting (Page-453). | ||
| 942 |
_2ddc _cBK |
||
| 999 |
_c591568 _d591568 |
||